|
|
|
|
| LEADER |
00000nam0a2200000 4500 |
| 001 |
215717 |
| 005 |
20250211063206.0 |
| 035 |
|
|
|a (RuTPU)RU\TPU\book\235650
|
| 090 |
|
|
|a 215717
|
| 100 |
|
|
|a 20120516d1984 k y0rusy50 ca
|
| 101 |
0 |
|
|a rus
|
| 102 |
|
|
|a RU
|
| 105 |
|
|
|a a z 001zy
|
| 200 |
1 |
|
|a Электрофизические процессы в энергетических и технологических установках высокого напряжения
|e межвузовский тематический сборник
|f Московский энергетический институт
|
| 210 |
|
|
|a Москва
|c Изд-во МЭИ
|d 1984
|
| 215 |
|
|
|a 111 с.
|c ил.
|
| 225 |
1 |
|
|a Научные труды [МЭИ]
|v № 27
|
| 320 |
|
|
|a Библиография в конце статей
|
| 500 |
1 |
0 |
|a Труды Московского энергетического института
|9 88841
|
| 610 |
1 |
|
|a технологические установки
|
| 610 |
1 |
|
|a техника высоких напряжений
|
| 610 |
1 |
|
|a электрофизика
|
| 610 |
1 |
|
|a научно-технический прогресс
|
| 610 |
1 |
|
|a твердые диэлектрики
|
| 610 |
1 |
|
|a жидкие диэлектрики
|
| 610 |
1 |
|
|a пробой
|
| 610 |
1 |
|
|a электрические сети
|
| 610 |
1 |
|
|a перенапряжения
|
| 610 |
1 |
|
|a высоковольтная импульсная техника
|
| 675 |
|
|
|a 621.374
|v 3
|
| 675 |
|
|
|a 621.3.027.3
|v 3
|
| 712 |
0 |
2 |
|a Московский энергетический институт (МЭИ)
|c (1930-1992)
|3 (RuTPU)RU\TPU\col\20092
|
| 801 |
|
1 |
|a RU
|b 63413507
|c 20120516
|
| 801 |
|
2 |
|a RU
|b 63413507
|c 20151113
|g RCR
|
| 942 |
|
|
|c BK
|